000 00825nam a2200229 i 4500
001 158842
003 ES-MaACL
005 20251002203457.0
008 040906q18501900fr |||| | fre d
040 _aCAM
_bspa
_cCAM
100 1 _aMarryat, Frederick.
_9188175
245 1 3 _aLe vieux commodore /
_cpar le capitaine Marryat ; traduction de La Bédollière.
260 _aParis :
_bGve. Barba,
_c[s.a.] (
_fPlon frères)
300 _a64 p. ;
_c31 cm.
490 1 _aRomains populaires illustrés
594 _aDatos tomados de la primera página del texto.
596 _aImpreso ca. a mediados del s. XIX.
700 1 _aLa Bédollière, Émile de,
_d1812-1883
_9152767
830 0 _aRomains populaires illustrés
_9221892
852 _aES-MaACL
_jR-1705(4)
_z-- Enc. hol., sin portada
999 _c158842
_d158842